00686cam a22002657a 4500003000500000005001700005008004100022010001000063011001000073020001500083035001000098040000900108082002100117110000800138245008000146260002400226300001900250410000800269490003500277650001400312650002800326700002300354810000800377830003500385CHAP20220817043504.0981029d1996 it r 11 fre d a76516 a77488 a9252038531 a87095 cCHAP04a333.72bF3f v.312 aFAO10aL'élevage de l'aulacode (Thryonomys swinderianus)c/par Pr. J. C. Heymans aRome :bFAO,c1996. a79 p. :bilus.2 aFAO 0aGuía de conservaciónv; 3114aRoedores.14aTryonomys swinderianus.0 aHeymans, Pr. J. C.0 aFAO00aGuía de conservaciónv; 31